TARIAN DABUS REBANA & BUSANA PUTERI PERAK : Warisan Penanda Kepahlawanan Negeri Perak

Bibliographic Details
Main Author: Zinitulniza Abdul Kadir , 1971- (Author)
Corporate Authors: Institut Terjemahan & Buku Malaysia Berhad issuing body, Jabatan Kebudayaan dan Kesenian Negara issuing body, Pejabat Setiausaha Kerajaan Negeri Perak issuing body
Format: Book
Published: Kuala Lumpur : INSTITUT TERJEMAHAN & BUKU MALAYSIA BERHAD 2018
Subjects:

MARC

LEADER 00000cam a2200000 7i4500
001 0000131706
005 20190228.0
008 190228s2018 my aoc e f000 0 bm
020 |a 9789674607364 
040 |a PERPUSTAM   |b eng   |c PERPUSTAM   |e rda 
090 0 0 |a 781.62009595114   |b ZIN 
100 0 |a Zinitulniza Abdul Kadir ,   |d 1971- ,   |e author 
245 1 0 |a TARIAN DABUS REBANA & BUSANA PUTERI PERAK :   |b Warisan Penanda Kepahlawanan Negeri Perak   |c Zinitulniza Abdul Kadir 
264 1 |a Kuala Lumpur :   |b INSTITUT TERJEMAHAN & BUKU MALAYSIA BERHAD   |c 2018 
300 |a 82 pages :   |b colour illustrations, colour photographs ;   |c 30 x 30 cm. 
336 |a text, rdacontent 
337 |a unmediated  |2 rdamedia 
338 |a volume  |2 rdacarrier 
650 1 0 |a Folk music   |z Malaysia   |z Perak 
650 2 0 |a Ethnology   |z Malaysia   |z Perak 
650 2 0 |a Folk dancing   |z Malaysia   |z Perak 
710 2 |a Institut Terjemahan & Buku Malaysia Berhad issuing body 
710 2 |a Jabatan Kebudayaan dan Kesenian Negara issuing body 
710 2 |a Pejabat Setiausaha Kerajaan Negeri Perak issuing body 
999 |a 0000596274   |b Buku   |c Rak Terbuka   |e Perbadanan Perpustakaan Awam Melaka 
999 |a 0000596275   |b Buku   |c Rak Terbuka   |e Perpustakaan Cawangan Jasin 
999 |a 0000596276   |b Buku   |c Rak Terbuka   |e Perpustakaan Cawangan Merlimau 
999 |a 0000596277   |b Buku   |c Rak Terbuka   |e Perpustakaan Cawangan Masjid Tanah 
999 |a 0000596278   |b Buku   |c Rak Terbuka   |e Perbadanan Perpustakaan Awam Melaka 
999 |a 0000596279   |b Buku   |c Rak Terbuka   |e Perbadanan Perpustakaan Awam Melaka 
999 |a 0000596280   |b Buku   |c Rak Terbuka   |e PK Aeon Jaya Jusco 
999 |a 0000596281   |b Buku   |c Rak Terbuka   |e PK Melaka Mall 
999 |a 0000596282   |b Buku   |c Rak Terbuka   |e Perbadanan Perpustakaan Awam Melaka 
999 |a 0000596283   |b Buku   |c Rak Terbuka   |e Perbadanan Perpustakaan Awam Melaka 
999 |a 0000596284   |b Buku   |c Rak Terbuka   |e Perpustakaan Komuniti UTC Melaka 
999 |a 0000596285   |b Buku   |c Rak Terbuka   |e Perbadanan Perpustakaan Awam Melaka 
999 |a 0000596286   |b Buku   |c Rak Terbuka   |e PERPUSTAKAAN PENJARA SUNGAI UDANG 
999 |a 0000596287   |b Buku   |c Rak Terbuka   |e Perbadanan Perpustakaan Awam Melaka 
999 |a 0000596288   |b Buku   |c Rak Terbuka   |e Perbadanan Perpustakaan Awam Melaka 
999 |a 0000596289   |b Buku   |c Rak Terbuka   |e Perbadanan Perpustakaan Awam Melaka 
999 |a 0000596290   |b Buku   |c Rak Terbuka   |e Perpustakaan Desa Asahan 
999 |a 0000596291   |b Buku   |c Rak Terbuka   |e Perpustkaan Desa Lubuk China 
999 |a 0000596292   |b Buku   |c Rak Terbuka   |e Perbadanan Perpustakaan Awam Melaka 
999 |a 0000596293   |b Buku   |c Rak Terbuka   |e Perbadanan Perpustakaan Awam Melaka 
999 |a 0000596294   |b Buku   |c Rak Terbuka   |e Perbadanan Perpustakaan Awam Melaka